| 000 | 00964cam a2200301Ia 4500 | ||
|---|---|---|---|
| 001 | 53079 | ||
| 005 | 20230410101558.0 | ||
| 008 | 050412s2004 cu 000 d spa d | ||
| 010 | _a 2005422516 | ||
| 035 | _a(OCoLC)ocm58968970 | ||
| 040 |
_aTJC _cTJC _dDLC _dIXA |
||
| 020 | _a9591009844 | ||
| 020 | _a9789591009845 | ||
| 029 | 1 |
_aNLGGC _b279851782 |
|
| 035 | _a(OCoLC)58968970 | ||
| 050 | 1 | 4 |
_a107 PN 2401 _bE81q 2004 |
| 100 | 1 |
_aEstorino, Abelardo, _d1925- |
|
| 240 | 1 | 0 |
_aPlays. _kSelections |
| 245 | 1 | 0 |
_aQue el diablo te acompañe y más comedias / _cAbelardo Estorino. |
| 260 |
_aLa Habana, Cuba : _bEditorial Letras Cubanas, _cc2004. |
||
| 300 |
_a433 p. ; _c19 cm. |
||
| 505 | 0 | _aLas vacas gordas -- La dama de las camelias -- Ni un sí ni un no -- Pachencho vivo o muerto -- Que el diablo te acompañe. | |
| 650 | 0 |
_aTheater _zCuba. |
|
| 650 | 0 |
_aCuban drama _y20th century. |
|
| 942 |
_2lcc _cbk |
||
| 946 | _aclperez | ||
| 994 |
_aC0 _bDRFGD |
||
| 999 |
_c10355 _d10355 |
||